000 01179nam a22003137a 4500
001 BR2021000014
003 BR-BrBNA
005 20230928105602.0
007 ta
008 230509b bl.||||| |||| 00| 0 por d
040 _aBR-BrBNA
_bpor
_cBiblioteca Nacional de Agricultura
041 _a(Eng, Spa, Por)
072 _aL01; L70; J13
090 _ L01 BR2021000014
100 1 _aNaka, J. (ed.)
110 1 _aMinistério da Agricultura, Pecuária e Abastecimento, Brasília, DF (Brasil)
110 1 _aFundação de Estudos Agrários Luiz de Queiroz, Piracicaba, SP (Brasil)
111 1 _a1. Conferência Internacional sobre Rastreabilidade de AlimentosSeminário Franco-Brasileiro Segurança Sanitária Animal
_cSão Paulo, SP (Brazil)
_d21-24 Sep 2004
245 1 _aAnais da conferência internacional sobre rastreabilidade de alimentos
260 3 _aBrasília, DF (Brasil):
_c2004.
300 _a264 p.
500 _aIncludes several bibliographies; 317 illus.; 28 tables; 28 graphs
650 _aRASTREABILIDADE
650 _aALIMENTO
650 _aSEGURANÇA ALIMENTAR
650 _aSANIDADE ANIMAL
909 _a202309
_bLucia
_c55
_dLucia Elande
942 _cBK
999 _c85762
_d85762